000 00227 a2200085 4500
020 _a9783836536356
100 _a Philip Jodidio
245 _aZaha Hadid 1950-2016: The Explosion Reforming Space
260 _b Taschen America Ll
_c2016
999 _c13392
_d13392